| 000 | 00399nam a2200157Ia 4500 | ||
|---|---|---|---|
| 005 | 20240619021358.0 | ||
| 008 | 240331s9999 xx 000 0 und d | ||
| 082 |
_bGAN _a891,48 |
||
| 100 | _aGanesalingan, S | ||
| 245 | 0 |
_aKumaranukku kadithankal arivuk kadithankal : _b- |
|
| 260 |
_aChennai _bKumaran Publishers _c2001 |
||
| 300 | _a192 p ., | ||
| 650 | _aPolitical | ||
| 650 | _alaws | ||
| 942 | _cL | ||
| 999 |
_c3939 _d3939 |
||